01487nas a2200277 a 450000500170000000800410001702200140005804000230007204100080009504400070010309000070011024501280011726000450024530000340029031000060032450400410033065000500037165100520042165100410047371001050051494200150061999900170063495201860065195201860083795201860102320170424163905.0890426c19869999ck fr p r u0 uub0spa d a0120-7555 ahm chmdCO-BoIAVH0 aspa ack aSE00aTurismo y sociedad / cUniversidad Externado de Colombia. Facultad de Administración de Empresas Turísticas y Hoteleras aBogotá : : bLa Universidad, c1986-. bilustraciones ; c24 x 17 cm. am aIncluye referencias bibliográficas26aTurismozColombiavPublicaciones periódicas 6aBogotá (Colombia)vPublicaciones periódicas26aColombiavPublicaciones periódicas2 aUniversidad Externado de ColombiabFacultad de Administración de Empresas Turísticas y Hoteleras 2zcREVISTA c19469d19469 00102z40708HEMEROTECAA2002B5C1IINV2017aBogotabBogotad2017-04-24g5.00hVol 5, Nro 1 (01/09/2002)l0oSEp019112r2017-04-24 00:00:00tEj. 1w2017-04-24xDonacionyREVISTA 00102z40708HEMEROTECAA2003B5C2IINV2017aBogotabBogotad2017-04-24g5.00hVol 5, Nro 2 (01/10/2003)l0oSEp015752r2017-04-24 00:00:00tEj. 1w2017-04-24xDonacionyREVISTA 00102z40708HEMEROTECAA2004B5C3IINV2017aBogotabBogotad2017-04-24g5.00hVol 5, Nro 3 (01/09/2004)l0oSEp018917r2017-04-24 00:00:00tEj. 1w2017-04-24xDonacionyREVISTA